LEADER 01599nam2 22003613i 450 001 SBL0605349 005 20251003044358.0 020 $aIT$b848672 100 $a20190715g1974 ||||0itac50 ba 101 | $aita 102 $ait 181 1$6z01$ai $bxxxe 182 1$6z01$an 183 1$6z01$anc$2RDAcarrier 200 1 $aˆ16: L'‰attuazione del rapporto obbligatorio$fUgo Natoli 210 $aMilano$cGiuffrè$d1974 215 $av.$d25 cm. 461 1$1001CFI0035976$12001 $aTrattato di diritto civile e commerciale$fgià diretto da Antonio Cicu, Francesco Messineo$gcontinuato da Luigi Mengoni$g[poi] già diretto da Antonio Cicu, Francesco Messineo, Luigi Mengoni$gcontinuato da Piero Schlesinger$v16 463 1$1001SBL0563974$12001 $aˆ16.1: Il ‰comportamento del creditore$fUgo Natoli$v1 463 1$1001SBL0605350$12001 $aˆ16.2: Il ‰comportamento del debitore$fUgo Natoli$v2 500 10$aˆL'‰attuazione del rapporto obbligatorio.$3MSE0070273$9CFIV053199$9894980 606 $aObbligazioni$2FIR$3CFIC005109$9E 676 $a346$9Diritto privato$v12 676 $a346.077$9DIRITTO COMMERCIALE. DEBITORE E CREDITORE$v21 676 $a346.4507$9DIRITTO COMMERCIALE. Italia$v22 700 1$aNatoli$b, Ugo$3CFIV053199$4070$0437606 801 3$aIT$bIT-000000$c20190715 850 $aIT-BN0095 $aIT-AV0007 $aIT-NA0438 $aIT-NA0070 $aIT-BN0015 912 $aSBL0605349 967 $m2 977 $a 01$a AV$a BD$a BU$a PB 996 $aAttuazione del rapporto obbligatorio$9894980 997 $aUNISANNIO